Statistics for Fifa 22 Top 25 Portugal Players

Click here to take the quiz!

General Stats

  • This quiz has been taken 242 times
  • The average score is 17 of 25

Answer Stats

RatingClubPlayer% Correct
91Manchester UnitedCristiano Ronaldo
100%
88Manchester UnitedBruno Fernandes
96%
86Manchester CityBernardo Silva
95%
86Manchester CityJoao Cancelo
93%
87Manchester CityRuben Dias
93%
84RB LeipzigAndre Silva
92%
81Real BetisRui Silva
90%
82LiverpoolDiogo Jota
85%
83Atletico MadridJoao Felix
85%
84Borussia DortmundRaphael Guerreiro
77%
81PSGDanilo Pereira
76%
84Leicester CityRicardo Pereira
76%
82WolvesRuben Neves
75%
82Roma FCRui Patricio
74%
82FC PortoPepe
67%
82Olympique LyonAnthony Lopes
57%
81Orlando CityNani
57%
81Valencia CFGoncalo Guedes
56%
80LOSC LilleRenato Sanches
51%
82SL BenficaRafa
49%
81LOSC LilleJose Fonte
48%
80WolvesNelson Semedo
46%
81Sporting CPPedro Goncalves
36%
82Sporting CPJoao Palhinha
33%
81SL BenficaPizzi
32%

Score Distribution

Percentile by Number Answered

Percent of People with Each Score

Your Score History

You have not taken this quiz